Historia de la iglesia

Spremljeno u:
Bibliografski detalji
Glavni autor: Hergenröther (Autor)
Format: Knjiga
Jezik:španjolski
Izdano: Madrid Biblioteca de la Ciencia Cristiana 1883
Serija:Biblioteca Teológica del Siglo XIX
Teme:
Oznake: Dodaj oznaku
Bez oznaka, Budi prvi tko označuje ovaj zapis!

MARC

LEADER 00000nam a2200000 a 4500
001 UCI6819
003 CL-VaPUC
008 080530e18830000SP |||||||||||||||||spa|d
082 0 4 |a 270  |b HER  |2 21 
100 |a Hergenröther  |e author  |9 583277 
245 1 0 |a Historia de la iglesia 
300 |a 2 v 
942 |c BK 
945 |d 20080530 00:00:00  |a rbrito 
260 |a Madrid  |b Biblioteca de la Ciencia Cristiana  |c 1883 
500 |a Donación Padres Capuchinos 
650 0 |a Historia de la iglesia   |9 257565 
650 0 |a Historia del cristianismo  |9 473480 
650 0 |a Cristianismo  |9 257361 
650 0 |a Herejías   |9 356979 
650 0 |a Historia antigua  |9 267521 
650 0 |a Edad media  |9 258041 
650 0 |a Historia moderna  |9 268036 
650 0 |a Concilios  |9 315984 
583 |a last modification  |c 20080530 00:00:00  |k Rodrigo Vera 
490 0 |a Biblioteca Teológica del Siglo XIX 
999 |c 330268  |d 330266 
952 |0 0  |1 0  |4 0  |6 270_000000000000000_HER_1883  |7 0  |8 X  |9 415750  |a FDOBUD  |b FDOBUD  |d 2019-11-22  |h v.1  |i 4443632  |o 270 HER 1883  |p 4443632  |r 2019-11-22  |w 2019-11-22  |y BK_X  |k BUD 
952 |0 0  |1 0  |4 0  |6 270_000000000000000_HER_1883  |7 0  |8 X  |9 415751  |a FDOBUD  |b FDOBUD  |d 2019-11-22  |h v.2  |i 4443640  |o 270 HER 1883  |p 4443640  |r 2019-11-22  |w 2019-11-22  |y BK_X  |k BUD 
952 |0 0  |1 0  |4 0  |6 270_000000000000000_HER_1883  |7 0  |8 X  |9 415752  |a FDOBUD  |b FDOBUD  |d 2019-11-22  |h v.3  |i 4443659  |o 270 HER 1883  |p 4443659  |r 2019-11-22  |w 2019-11-22  |y BK_X  |k BUD